SCP 10 quiz - Statistics

General Stats
  • This quiz has been taken 33 times
  • The average score is 14 of 50
Answer Stats
Hint Answer % Correct
001 - 010 [Blocked] / The "Living" Room / Biological Motherboard /12 Rusty Keys and the Door / Skeleton Key / Fountain of Youth / Abdominal Planet / Zombie Plague / Red Ice / Collars of Control
89%
091 - 100 Nostalgia / "The Best from the 5th Dimension" / Red Sea Object / Miniature Event Horizon / The Atomic Adventures of Ronnie Ray-Gun / The "Shy Guy" / Old Fairgrounds / Surgeon Crabs / The Portrait / "Jamaican Joe's Junkyard Jubilee"
85%
041 - 050 Thought-Broadcasting Person / Formerly Winged Horse / The Beatle / World War II Era Molecular Fission Cannon / Atmospheric Converter / "Predatory" Holly Bush / Microbial Mutagen / The Cursed SCP Number / Plague Doctor / To The Cleverest
67%
071 - 080 Degenerative Metamorphic Entity / The Foot of the Bed / "Cain" / Quantum Woodlouse / Corrosive Snail / "Able" / Rot Skull / Guilt / Old AI / Dark Form
48%
011 - 020 Sentient Civil War Memorial Statue / A Bad Composition / Blue Lady Cigarettes / The Concrete Man / Pipe Nightmare / Sentient Micro-Organism / Shadow Person / Super Ball / The Monster Pot / Unseen Mold
48%
031 - 040 What is Love? / Brother's Bride / The Missing Number / Obsidian Ritual Knife / Possessive Mask / The Reincarnation Pilgrimage of the Yazidi (Kiras Guhorin) / Dwarf Star / The Everything Tree / Monkey Brain / Evolution's Child
48%
061 - 070 Auditory Mind-Control / "Quantum" Computer / "The Worlds Best Tothbrush" / Flawed vonNeumann Structure / Destroyed Organic Catalyst / Eric's Toy / The Artist's Pen / The Wire Figure / Second Chance / Iron Wings
44%
101 - 110 Hungry Bag / Property of Marshall, Carter, and Dark Ltd. / The Never-Hungry Man / The Lonely Ball / Iris / The Old Man / The Turtle Shell / Extradimensional Nasal Cavity / Infinite Canteen / Subterranean City
44%
051 - 060 Japanese Obstetrical Model / Time-Traveling Train / Young Girl / Water Nymph / [Unknown] / A Beautiful Person / The Daily Grind / Heart of Darkness / Radioactive Material / Infernal Occult Skeleton
41%
081 - 090 Spontaneous Combustion Virus / "Fernand" the Cannibal / An Abandoned Row Home /Static Tower / Hand-Drawn "Cassie" / The Office of Dr. [REDACTED] / The Stairwell / The Lizard King / Trophet / Apocorubik's Cube
41%
131 - 140 The "Eye-Pods" / Broken Desert / Instant Hole / Star-Eyed Child / Universal Carcinogen / Naked Doll / The Real Toy / The Ever-Living Man / All Eyes on Lucian / An Incomplete Chronicle
41%
021 - 030 Skin Wyrm / The Morgue / Black Shuck / Game Show of Death / A Well-Worn Wardrobe / Afterschool Retention / The Vermin God / Knowledge / Daughter of Shadows / Homunculus
37%
491 - 500 Wrecking Light / Animated Cloth Dummy / Replicant / Matter Transference Gloves / Thingmaker / A Sunken Contagion / The Shell / 11 Minute Snooze / Old Sun Man / Panacea
33%
141 - 150 Codex Damnatio / One-Armed Bandit / The Bladewood Grove / Tibetan Rope to Heaven / Man-Absorbing Phone / Bronze Head of Shame / Anachronistic Television / The "Telekill" Alloy / The Blood Flies / Ship of Theseus
30%
171 - 180 Collective Brain Foam / The Gearman / The Sculpture - The Original / Ventriloquist's Dummy / Treasure Map / Observable Time Loop / Checkmate / "3-D" Specs / Sauelsuesor / Identity Thieving Hat
30%
191 - 200 Cyborg Child / Flawless X-Ray Machine / The Tissue Snail / Thank You For Your Cooperation / A "Medicinal Whiskey" / Time Paradox / The Greenhouse / Cup of Joe / Spy Ferns / Chrysalis
30%
111 - 120 Dragon Snails / The Variable Coaster / The Gender-Switcher / Bringer of Conflict / Miniature Dump Truck / The Brittle Boy / Complete Multitool / Nuclear Protists / Timecrowave / Teleporting Paddling Pool
30%
211 - 220 Paper-Covered Building / The Improver / Anti-Matter Parasite / Hemotopian Virus / Paranoia-Inducing Spectacles / The Safe / The Clockwork Virus / Lamprey-Mass Organism / Resonance Engine / Two's Company
30%
161 - 170 Pinwheel of Doom! / Ball of Sharp / An Old Castaway / Squid Tumors / The Creeping, Hungry Sands of Tule / Just a Teenage Gaea / Infinite Labyrinth / Sentient Calculator / The Leviathan / A Tube of Superglue
30%
201 - 210 The Empty World / The Rewind Man / Tortured Iron Soul / The Protector / Shadow Lamps / The Voyager / Cola Bottles / "Bes" / The Sadist's Tumbler / Flooded House
30%
151 - 160 The Painting / Book of Endings / Drain Worms / Offensive Bracelets / Infinite Speed Computer / Reanimating Pomegranate / Mimetic Predator / Soul Extractor / The Perfect Lock / Predator Drone
30%
291 - 300 Disassembler/Reassembler / Egg Timer of Déjà Vu / Obsession / The Coffee Machine / Cauterpillers / Armed Containment Site-03 / "Steely Dan" / The Blood Organ / Infectious Tree / "A World in a Bottle"
26%
241 - 250 Good Home Cooking / Self "Cleaning" Pool / Animation / Ice Fog Jar / SCP-RPG / Prophetic Projector / A Harmless Kitten / 110% / The Random Door / Most of an Allosaurus
26%
181 - 190 "Lucky" / "Rider" / "Weaver" / The Architect / The Radio / To End All Wars / Double Vision / The Craftsman / Hair-Imitating Parasite / A Prize Toybox
26%
231 - 240 Special Personnel Requirements / Jack Proton's Atomic Zapper / 23-Sided Polyhedron / Extradimensional Fish / Phonographic Records / Mimic "Crabs" / Self-Made Man / Building Complex / The Witch Child / Draw me a Plane
26%
341 - 350 A Collection of Extra-Solar Orreries / A Ticket to Ride / "God" / Schrödinger's Can Opener / Stone Puzzle Cube / "Pterry" the Pterodactyl / The Invisible Woman / A Gift from Dad / The Philosopher's Stone and the Graveyard of the Immortals / Unbreakable Contract
22%
361 - 370 Bronze Liver / A Cool T-Shirt / Not Centipedes / Ionian Drop Point / Pool Noodle / Carriage Grubs / Little Dog / Paper Crane / Living Migratory Roadwork / A Key
22%
321 - 330 Child of Man / "Grow Your Own Castle" Kit / Wendigo Skull / Eulogy Shrub / The Detergent / A Chinese Peasant / The Mermaid / Alien Disc / The Cancer Garden / Take Only Two
22%
121 - 130 Concrete Cradle / no more monstɘrs. / Contained Miniature Black Hole / Fertile Soil / Contagious Reflection / Invisible Friend / The Living Gun / Kinetic Energy Entity / Progressive Fungal Infection / Post Office
22%
221 - 230 Compulsion Tweezers / Clone Coffin / A Photo Album / Grandfather Clock / Unstoppable and Immovable / Puzzle Of Terror / Complete Antikythera Mechanism / Psychiatric Diagnostic Tool / Wire Weed / The Gayest Man Alive
19%
271 - 280 Inscribed Disc / An Old Iron Nail / Human Phoenix / Graffito / Ironskin / Time Schooner / Chalkland / A Large Mechanical Spider / Meandering Man / Eyes in the Dark
19%
451 - 460 Mister Lonely / Dreamcatcher Spider / Scripted Nightclub / Comic Book / Cargo Ship / Soporific Bedbugs / Burning Man / The Never-Ending Pizza Box / Interplanetary Thermostat / Séance Storm
19%
351 - 360 Read-Only Memory / "Baba Yaga" / "Vector" / The Red Pool / The Serrated Lawn / Autointerrogation / Hungry Clay / A "Deserted" Hospital / The Hawk / Ascendance
19%
411 - 420 Ancient Precog / Mutagenic Mirror / Endless Garage / Regardless, I Might Prefer Myself Sick / The Harvested Man / Infinite Forest / The Plague Tree / Human Jigsaw / Window to the World / Aggressive Skin Condition
15%
371 - 380 Macrovirus / Peripheral Jumper / Ghost Record / Oracular Guillotine / Temporal Credit Union / The Traffic Light Tree / Accurate Fortune Cookies / Brainworm / Mechanical Pheromone / Biological Networking Device
15%
301 - 310 Teleporter / Ant Sculpture / The Doorman / The Signal / The Whisperer / The Frogs / Carnivorous Ivy / Aztec Burial Sarcophagus / Plush Toy / Eternal Flame
15%
251 - 260 The Deceptive Snow Globe / Humboldt Squid / The Cancer Plague / Employee of the Month / Base Eleven Disorder / Trapped in the Typewriter / Professor William Woodsworth’s Collection of Curiosities / Weeping Frog / The Weisenglass Spiral / The Tracking Stone
15%
391 - 400 The Midas Owl / A Plant Now Found in Site-103, and Formerly Found in the Households of Nobility / The Memory Planner / Ear Candles / The Bottle Baby / And Suddenly, Chair / A Hominidae / The Greeting Hall / Atomic Manipulation Ring / Beautiful Babies
15%
471 - 480 A Satellite / The Bloodstone / Supai / RFM / Soap of a Pope / Map to Nowhere / Fossil Sea / Tooth Fairies / Hallway 4, D-Class Dorms, Site 14 / Recurring Nightmare Field
11%
431 - 440 Dr. Gideon / Cabinet Maze / A Ritual / A Meeting with Myself / “He-Who-Made-Dark” / Error Locket / Summer of '91 / Addictive Straitjacket of Espionage / Bone Hive / Sand-Based Ecology
11%
441 - 450 Jacob Ram / On-Time Piece / Thought-streaming Crayons / The Language of Global Harmony / "Dr. Wondertainment's Super Paper" / Human Mannequin / Ball of Green Slime / Jack-in-the-Box / Gut Dust / Abandoned Federal Penitentiary
11%
261 - 270 Pan-Dimensional Vending / A Coat of Many Arms / "Cash or Ash" / Skeleton Temple / Black Volga / Will o' the Wisp / Tumorvore / Cap of Neglect / Dialysis Bracelet / Secluded Telephone
11%
421 - 430 Shoal of Driftwood / Patchwork Beast / Self-Inserting Character / Nanomimes / The Infinity Broadcast / I am a Toaster / Lovecraftian Locket / The Crowd / Clockwork Teleporter / A Peasant's Punishment
11%
311 - 320 Tactile Displacement Gloves / Atmospheric Jellyfish / Powerful Hand Dryer / Motion-Seeking Blade / The Recorded Man / Color-Draining Light / Cretaceous Physicist / Soul Press / A Curious Device / Higgs Field Acceleration Manipulator
11%
381 - 390 The Pyrotechnic Polyphony / Haunted Baby Carriage / Variably Useful Flu / Let Her In / Personal Anti-Gravity Field Generator / Eternal Fungus / Living Lego / Ultimate Frisbee / Message in a Bottle / Ancient Death Ray
11%
281 - 290 The Snooze Alarm / Ritual Devil Sticks / A Rock That Falls Sideways / The Twins / A Hack Job / The Brothers' Game / Clark's Third Favorite Sword / The "Stepford Marriage" Rings / Inertial Amplifier / The Picasso Machine
11%
331 - 340 "Tumbles" / The 1976 Kirk Lonwood High School Marching Band / City in a Symphony / Stellar Vulpine / One Hundred and Fifty 3.5" Floppy Disks / "Lilith" / Hairball / A Portable Radio / Be Silent, Be Still / Viral Rebreather Membrane
11%
401 - 410 A Palm Tree / Obsidian Absorber / Escalating Lighter / Memories Lost, Memories Found / Telepathy Virus / Sleepwalker's Tunnel / The Song of Genesis / Illusory Butterflies / Contagious Crystal / Editor Beetles
7%
481 - 490 Scar Tissue / Mentally Mutating Straitjacket / Anti-Aging Placebos / Memory Stealing Drug / Death Pen / Coatlicue Skin / The Impossible House / Meteor Attractor / 1-555-BUG-BASH / Ice Cream Truck
7%
461 - 470 ZICU-TV / The Getaway Car / A Spoon That Bends People / The Foundry / Party in a Box / Mobile Veins / Confessional Phone Booth / The Abacus / Many-Winged Angel / Nexus of Abandoned Places
7%
No matching quizzes found
Score Distribution
Percent of People with Each Score
Percentile by Number Answered
Your Score History
You have not taken this quiz